| 000 | 00335nam a2200121Ia 4500 | ||
|---|---|---|---|
| 008 | 220615s9999||||xx |||||||||||||| ||und|| | ||
| 100 | _aIvan X. Zhu | ||
| 245 | 0 | _aSewage | |
| 546 | _aEnglish[eng] | ||
| 650 | _aLife Sciences||Waste Management||Environmental Sciences | ||
| 856 | _uhttps://www.intechopen.com/books/sewage | ||
| 942 | _cEB | ||
| 999 |
_c17662 _d17662 |
||